Giáo trình cơ sở an toàn thông tin

Tổng quan về an toàn thông tin. Trình bày kiến thức về các khái niệm cơ sở và hệ mã cổ điển, mật mã khối và mật mã khoá đối xứng, hệ thống mật mã khoá công khai, chữ ký điện tử và hàm băm, quản lý khoá; xác thực và điều kiện tr...

Descripción completa

Guardado en:
Detalles Bibliográficos
Autor principal: Nguyễn, Khanh Văn
Formato: Libro
Lenguaje:Undetermined
Publicado: Hà Nội Bách khoa Hà Nội 2019
Materias:
Etiquetas: Agregar Etiqueta
Sin Etiquetas, Sea el primero en etiquetar este registro!
Thư viện lưu trữ: Trung tâm Học liệu Trường Đại học Cần Thơ
LEADER 01217nam a2200205Ia 4500
001 CTU_238836
008 210402s9999 xx 000 0 und d
020 |c 88000 
082 |a 005.8 
082 |b V115 
100 |a Nguyễn, Khanh Văn 
245 0 |a Giáo trình cơ sở an toàn thông tin 
245 0 |c Nguyễn Khanh Văn 
260 |a Hà Nội 
260 |b Bách khoa Hà Nội 
260 |c 2019 
520 |a Tổng quan về an toàn thông tin. Trình bày kiến thức về các khái niệm cơ sở và hệ mã cổ điển, mật mã khối và mật mã khoá đối xứng, hệ thống mật mã khoá công khai, chữ ký điện tử và hàm băm, quản lý khoá; xác thực và điều kiện truy nhập; an toàn trên internet, mã độc và an toàn phần mềm; giao thức mật mã và ứng dụng, khảo sát tổng quan về tấn công từ chối dịch vụ (DOS) và biện pháp phòng chống 
650 |a An toàn dữ liệu,Database security 
910 |b nthai 
980 |a Trung tâm Học liệu Trường Đại học Cần Thơ